STEPS to CHRIST : (Record no. 7588)

MARC details
000 -LEADER
fixed length control field 00966nam a22002297a 4500
003 - CONTROL NUMBER IDENTIFIER
control field OSt
005 - DATE AND TIME OF LATEST TRANSACTION
control field 20260120060757.0
008 - FIXED-LENGTH DATA ELEMENTS--GENERAL INFORMATION
fixed length control field 260120b |||||||| |||| 00| 0 eng d
020 ## - INTERNATIONAL STANDARD BOOK NUMBER
International Standard Book Number 9789715812603
040 ## - CATALOGING SOURCE
Original cataloging agency DWCL GS lib
Transcribing agency OC
082 ## - DEWEY DECIMAL CLASSIFICATION NUMBER
Classification number Cir. 234 W582
Item number 2016
100 ## - MAIN ENTRY--PERSONAL NAME
Personal name White, Ellen G.
245 ## - TITLE STATEMENT
Title STEPS to CHRIST :
Remainder of title The anti-stress classic
Statement of responsibility, etc. Ellen G. White
260 ## - PUBLICATION, DISTRIBUTION, ETC.
Place of publication, distribution, etc. Manila, Philippines
Name of publisher, distributor, etc. Philippine Publishing House
Date of publication, distribution, etc. c2016.
300 ## - PHYSICAL DESCRIPTION
Extent vii, 144 pages:
Other physical details illustrations ;
Dimensions 20cm.
504 ## - BIBLIOGRAPHY, ETC. NOTE
Bibliography, etc. note <br/>
520 ## - SUMMARY, ETC.
Summary, etc. outlines a spiritual journey from recognizing God's love to finding joy in Him, covering repentance, confession, faith, and growth, emphasizing that a personal relationship with Jesus transforms a person's life through His enabling power, not self-effort, leading to prayer, service, and rejoicing in God's grace.
546 ## - LANGUAGE NOTE
Language note English
650 ## - SUBJECT ADDED ENTRY--TOPICAL TERM
Topical term or geographic name entry element Christian Life
700 ## - ADDED ENTRY--PERSONAL NAME
Personal name Ellen G. White
942 ## - ADDED ENTRY ELEMENTS (KOHA)
Source of classification or shelving scheme Dewey Decimal Classification
Koha item type Book Circulation
Classification part Circ.
Suppress in OPAC No
952 ## - LOCATION AND ITEM INFORMATION (KOHA)
--
Holdings
Withdrawn status Lost status Source of classification or shelving scheme Damaged status Not for loan Home library Current library Shelving location Date acquired Source of acquisition Total Checkouts Full call number Barcode Date last seen Copy number Price effective from Koha item type Uniform Resource Identifier
    Dewey Decimal Classification     Grade School Library Grade School Library Circulation 01/20/2026 School Fund, Donation   Cir. 234 W582 2016 23848 01/20/2026 c1 01/20/2026 BK-CIRC